La libertad pasó como una tormenta: textos del período de la revolución democrática popular
محفوظ في:
| المؤلف الرئيسي: | |
|---|---|
| التنسيق: | كتاب |
| اللغة: | الإسبانية |
| منشور في: |
Madrid
El Viejo Toro
2006
|
| الموضوعات: | |
| الوسوم: |
إضافة وسم
لا توجد وسوم, كن أول من يضع وسما على هذه التسجيلة!
|
MARC
| LEADER | 00000nam a2200000 a 4500 | ||
|---|---|---|---|
| 001 | UCI8608 | ||
| 003 | CL-VaPUC | ||
| 008 | 080911e20060000SP |||||||||||||||||spa|d | ||
| 020 | |a 8496356663 | ||
| 082 | 0 | 4 | |a 944.04 |b SAI |2 21 |
| 100 | |a Saint-Just, Louis Antoine De |e author |9 268180 | ||
| 245 | 1 | 3 | |a La libertad pasó como una tormenta: textos del período de la revolución democrática popular |
| 300 | |a 211 p | ||
| 942 | |c BK | ||
| 945 | |d 20080911 00:00:00 |a jtorresc | ||
| 260 | |a Madrid |b El Viejo Toro |c 2006 | ||
| 650 | 0 | |a Historia de Francia |9 336927 | |
| 650 | 7 | |a CRISIS SOCIAL |2 CL-VaPUC |9 330236 | |
| 650 | 0 | |a Burguesía |9 318985 | |
| 650 | 7 | |a REVOLUCION BURGUESA |2 CL-VaPUC |9 442539 | |
| 650 | 7 | |a MONARQUIA FRANCESA |2 CL-VaPUC |9 434624 | |
| 583 | |a last modification |c 20080911 00:00:00 |k Rodrigo Vera | ||
| 999 | |c 331424 |d 331422 | ||
| 952 | |0 0 |1 0 |4 0 |6 944_040000000000000_SAI_2006 |7 0 |8 A |9 418080 |a BIBHIS |b BIBHIS |d 2019-11-22 |i 4479688 |o 944.04 SAI 2006 |p 4479688 |r 2025-01-20 |w 2019-11-22 |y BK |k HIS | ||